| 000 | 00773nam a2200217 i 4500 | ||
|---|---|---|---|
| 001 | 61187 | ||
| 003 | ES-MaACL | ||
| 005 | 20230906164407.0 | ||
| 007 | t| | ||
| 008 | 031111s1903 sp ||||1| spa d | ||
| 100 | 1 |
_aEstasén y Cortada, Pedro. _948023 |
|
| 245 | 1 | 4 |
_aLos accidentes del trabajo y el seguro de accidentes / _cpor Pedro Estasén. |
| 260 |
_aMadrid : _bReus, _c1903. |
||
| 300 |
_a638 p. ; _c23 cm. |
||
| 490 | 1 | _aBiblioteca jurídica de autores españoles y extranjeros | |
| 650 |
_aAccidentes de trabajo- _xDerecho y legislación- _zEspaña. _9169637 |
||
| 650 |
_aSeguros de accidentes de trabajo- _zEspaña. _9150722 |
||
| 830 | 0 |
_aBiblioteca jurídica de autores españoles y extranjeros _9182228 |
|
| 852 |
_aES-MaACL _jF-14577 |
||
| 999 |
_c61187 _d61187 |
||